000 00699pam a2200229 a 4500
001 1652177
005 20180813073131.0
008 970311s1998 njuab b 001 0 eng
010 _a 97011394
020 _a0137435355
040 _aDLC
_cDLC
_dDLC
041 _aeng
080 _a910.02 CHRI
082 0 0 _a910.02 CHRI
_221
100 1 _a42
101 _aGJEO
245 1 0 _aElemental geosystems /
_cRobert W. Christopherson.
504 _aIncludes bibliographical references and index.
906 _a7
_bcbc
_corignew
_d1
_eocip
_f19
_gy-gencatlg
942 _2ddc
_cBK
999 _c47042
_d47042